Catálogo
 En Linea

Antologia cosmica lirica deJuan Carlos Garrote y Gil / (Registro nro. 17097)

Detalles MARC
000 -CABECERA
campo de control de longitud fija 00518 cama220015757a4500
001 - NÚMERO DE CONTROL
campo de control 000017572
005 - FECHA Y HORA DE LA ÚLTIMA TRANSACCIÓN
campo de control 20200929165145.0
008 - DATOS DE LONGITUD FIJA--INFORMACIÓN GENERAL
campo de control de longitud fija 020131s2001 mx 000 0 spa
040 ## - FUENTE DE LA CATALOGACIÓN
Centro catalogador/agencia de origen DO-SdBNP
Lengua de catalogación spa
Centro/agencia transcriptor BNPHU
082 ## - NÚMERO DE LA CLASIFICACIÓN DECIMAL DEWEY
Número de clasificación xxxx
Número de documento/Ítem A696a
100 1# - ENTRADA PRINCIPAL--NOMBRE DE PERSONA
Nombre de persona Arias de la Canal, Fredo.
9 (RLIN) 8096
245 10 - MENCIÓN DE TÍTULO
Título Antologia cosmica lirica deJuan Carlos Garrote y Gil /
Mención de responsabilidad, etc. Fredo Arias de la Canal.
260 ## - PUBLICACIÓN, DISTRIBUCIÓN, ETC.
Lugar de publicación, distribución, etc. Mexico :
Nombre del editor, distribuidor, etc. Frente de Afirmacion Hispanista,
Fecha de publicación, distribución, etc. 2001.
300 ## - DESCRIPCIÓN FÍSICA
Extensión 48 p. ;
Dimensiones 21 cm.
700 1# - PUNTO DE ACCESO ADICIONAL--NOMBRE DE PERSONA
Nombre de persona Garrote y Gil, Juan Carlos.
9 (RLIN) 38338
Existencias
Estado de retiro Estado de pérdida Restricciones de uso No para préstamo Código de colección Localización permanente Ubicación/localización actual Ubicación en estantería Fecha de adquisición Número de inventario Total de préstamos Signatura topográfica completa Código de barras Fecha visto por última vez Precio válido a partir de Tipo de ítem Koha
      Excluido de préstamo Monografías: Libros y Folletos General General En catalogación 26.03.2010 LF1   xxxx A696a 17572-10 25.06.2020 25.06.2020 No se presta

Con tecnología Koha